| 000 | 00652nam a2200205Ia 4500 | ||
|---|---|---|---|
| 008 | 150520s9999 xx 000 0 und d | ||
| 050 | _aRC 321 | ||
| 050 | _b.M828 2015 | ||
| 100 | _aMorales, Joenna Marie T. | ||
| 245 | _aCoping mechanisms of 1st and 2nd year outstanding students at southville international school and colleges for AY 2013-2014 / | ||
| 245 | _cJoenna Marie T. Morales. | ||
| 260 | _aLas PiƱas, Philippines : | ||
| 260 | _bSISC, | ||
| 260 | _c2015. | ||
| 300 | _a51 pages : | ||
| 300 | _billustrations ; | ||
| 300 | _c28 cm. | ||
| 500 | _aIncludes bibliographical references and appendices. | ||
| 650 | _aCoping Behavior | ||
| 999 |
_c284070 _d284070 |
||